| 000 | 00485nam a22001817a 4500 | ||
|---|---|---|---|
| 003 | CEME | ||
| 005 | 20210628205629.0 | ||
| 008 | 210309b xxu||||| |||| 00| 0 eng d | ||
| 020 | _a0-201-40009-X | ||
| 040 | _c. | ||
| 082 | _a005.1 SED | ||
| 100 |
_aFlajolet, Philippe Sedgewick, Robert _976345 |
||
| 245 | _aAn introduction to the analysis of algorithms | ||
| 260 |
_aNEWYORK _bADDISON WESLEY _c1996 |
||
| 300 | _a493P | ||
| 650 |
_aCOMPUTER ALGORITHMS _93009 |
||
| 942 |
_cBK _2ddc |
||
| 999 |
_c581739 _d581739 |
||